Losowa mapa Europy - Statystyki

Ogólne statystyki
  • Ten quiz został rozwiązany 381 razy
  • Średni wynik to 17 z 20
Odpowiedzi na mapie
Odpowiedzi zakodowano w zielono-czerwonej skali na mapie do tego quizu, zgodnie z poniższymi procentami.
 
Statystyki odpowiedzi
Państwa % Poprawnych
Białoruś
100%
Rosja
100%
Niemcy
98%
Polska
98%
Czechy
97%
Francja
96%
Grecja
96%
Łotwa
96%
Ukraina
96%
Hiszpania
95%
Irlandia
95%
Portugalia
95%
Szwecja
95%
Wielka Brytania
95%
Finlandia
93%
Litwa
93%
Rumunia
93%
Estonia
92%
Słowacja
92%
Włochy
92%
Dania
91%
Belgia
90%
Bośnia i Hercegowina
89%
Chorwacja
89%
Islandia
89%
Watykan
89%
Węgry
89%
Holandia
88%
Luksemburg
88%
Norwegia
88%
Austria
87%
Szwajcaria
87%
Malta
83%
Andora
79%
Serbia
78%
San Marino
76%
Czarnogóra
75%
Mołdawia
75%
Macedonia
74%
Kosowo
73%
Bułgaria
72%
Albania
71%
Liechtenstein
69%
Monako
68%
Słowenia
65%
Nie znaleziono quizów pasujących do podanych kryteriów
Rozkład punktacji
Procent ludzi z każdym wynikiem
Percentyl według liczby udzielonych odpowiedzi
Twoja historia wyników
Nie rozwiązałeś tego quizu